00251nam a2200109Ia 4500100001700000654001300017245004800030260002800078082001500106300000800121546001200129 aKrumm / rob  aComputer aMaking Windows application Work together bB.P.B.aNew Delhic1994 a005.13 'W' a557 aENGLISH